| 000 | 01071nam a2200301 a 4500 | ||
|---|---|---|---|
| 001 | 014833757 | ||
| 003 | Uk | ||
| 005 | 20201128020940.0 | ||
| 008 | 081119s2009 xxua b 001 0 eng | ||
| 020 | _a0131579517 (pbk.) | ||
| 020 | _a9780131579514 (pbk.) | ||
| 082 | 0 | 4 |
_a658.4038011 _bMCN _222 |
| 100 | 1 |
_aMcNurlin, Barbara C. _q(Barbara Canning) _932621 |
|
| 245 | 1 | 0 |
_aInformation Systems Management in Practice / _cBarbara C. McNurlin. |
| 250 |
_a8th ed. / _bBarbara C. McNurlin, Ralph H. Sprague, Tung Bui. |
||
| 260 |
_aUpper Saddle River : _bPrentice-Hall, _cc2009. |
||
| 300 |
_axxx, 597 p. : _bill. ; _c24 cm. |
||
| 500 | _a"Pearson international edition"--Cover. | ||
| 504 | _aIncludes bibliographical references and index. | ||
| 650 | 0 |
_aManagement information systems. _932622 _2BUEsh |
|
| 650 | 0 |
_aInformation resources management. _913875 _2BUEsh |
|
| 651 | _2BUEsh | ||
| 653 | _cFebruary2013 | ||
| 690 | 7 |
_aManagement and Business Studies _2blcoll |
|
| 700 | 1 |
_aSprague, Ralph H. _91986 |
|
| 700 | 1 |
_aBui, Tung X., _d1953- _932623 |
|
| 942 |
_2ddc _cBB |
||
| 999 |
_c17298 _d17270 |
||